000 00573nam a22001937a 4500
999 _c191185
_d191185
005 20220822152007.0
010 _aENG-134534
020 _c195.00
035 _aEN-118066
037 _bDBAD/PUB
082 _a351.160954
100 _aMuthuswamy
245 _aFR & SR Service Rules and Financial Rules/
_cMuthuswamy and Brinda
260 _aChennai
_bSwamy Publishers Pvt Ltd
_c2006
270 _a236, R.K. Mutt Road, Post Box No. 2468
_bChennai
_e600028
300 _aiv, 372p.
_c22cm(pbk)
700 _aBrinda
942 _2ddc
_cEN
_h351.160954
_mMUT